| 000 | 00953 a2200325 4500 | ||
|---|---|---|---|
| 001 | 200449829 | ||
| 003 | TR-AnTOB | ||
| 005 | 20240823074042.0 | ||
| 007 | ta | ||
| 008 | 221026b2021 tu 00| 0 tur d | ||
| 020 | _a9786254320682 | ||
| 040 |
_aTR-AnTOB _beng _erda _cTR-AnTOB |
||
| 041 | 0 | _atur | |
| 050 | 4 | _aKKX1710 | |
| 090 |
_aKKX1710 _b.K67563h 2021 |
||
| 100 | 1 |
_aKorkmaz, Hülya Taş _eauthor _9120646 |
|
| 245 | 1 | 4 |
_aHukuk davalarında gerçek tarafın belirlenmesi / _cHülya Taş Korkmaz. |
| 250 | _a1. Baskı | ||
| 264 | 1 |
_aİstanbul : _bOn İki Levha Yayıncılık, _c2021. |
|
| 300 |
_a254 pages ; _c24 cm |
||
| 336 |
_atext _btxt _2rdacontent |
||
| 337 |
_aunmediated _bn _2rdamedia |
||
| 338 |
_avolume _bnc _2rdacarrier |
||
| 490 | 0 |
_aYayın No : _v1922 |
|
| 504 | _aBIB | ||
| 650 | 7 |
_aMedeni usul _zTürkiye _2etuturkob _9115852 |
|
| 650 | 7 |
_aMedeni hukuk _zTürkiye _97805 |
|
| 942 |
_2lcc _cBK |
||
| 999 |
_c200449829 _d68041 |
||